000 00970nas a2200313 4500
001 BR9406509
003 BR-BrBNA
005 20231205093758.0
007 ta
008 230509b bl.|||p| |||| 00| 00por d
040 _aBR-BrBNA
_bpor
_cBiblioteca Nacional de Agricultura
041 _a(Pt)
072 _aF04; F06; H60
100 1 _aSilva, P.S.L. e
100 1 _aRego, M.C. do
100 1 _aBezerra, N.F.
100 1 _aFreitas, C.J. de
245 1 _aEfeitos do controle de invasoras e de niveis de Nitrogenio sobre o teor de proteina dos graos de milho
650 _aMilho
650 _aGrao
650 _aIrrigacao por Aspersao
650 _aFertilizante Nitrogenado
650 _aErva Daninha
650 _aControle Quimico
650 _aRio Grande do Norte
773 0 _tPesquisa Agropecuaria Brasileira (Brazil)
_xISSN 0100-204X
_g(May 1993), v. 28(5) p. 609-612
_wBR9406509
909 _a202311
_bLúcia
_c55
_dLúcia Elande
942 _2AGRIS
_n0
_cANA
999 _c140357
_d140357